[Event "Grand Prix Pyramides FFE Open"]
[Site "Le Port-Marly FRA"]
[Date "2012.01.07"]
[Round "1.1"]
[White "Bacrot,E"]
[Black "Capone,N"]
[Result "1-0"]
[WhiteElo "2704"]
[BlackElo "2051"]

1.d4 Nf6 2.c4 c5 3.Nf3 e6 4.Nc3 cxd4 5.Nxd4 d5 6.Bf4 a6 7.e3 Be7 8.Be2 O-O
9.O-O Nc6 10.cxd5 Nxd5 11.Nxd5 exd5 12.Rc1 Nxd4 13.Qxd4 Bf6 14.Be5 Bxe5 15.Qxe5 Re8
16.Qd4 Be6 17.Rc3 Rc8 18.Rfc1 Rxc3 19.Rxc3 Qa5 20.a3 h6 21.h3 Rc8 22.Rxc8+ Bxc8
23.Qd1 Be6 24.Bf3 Qb5 25.Qd2 Qc4 26.Be2 Qb3 27.g4 h5 28.Qd4 hxg4 29.hxg4 Qc2
30.Bf3 Qb3 31.Kg2 b6 32.Qe5 g6 33.Qd4 a5 34.Kg3 b5 35.Be2 b4 36.axb4 axb4
37.Bf1 Kh7 38.Bb5 Kg8 39.Bf1 Kh7 40.f4 Qa4 41.Bd3 Qd1 42.Bxg6+  1-0

[Event "Grand Prix Pyramides FFE Open"]
[Site "Le Port-Marly FRA"]
[Date "2012.01.07"]
[Round "7.1"]
[White "Bacrot,E"]
[Black "Edouard,R"]
[Result "1-0"]
[WhiteElo "2704"]
[BlackElo "2616"]

1.d4 d5 2.Nf3 Nf6 3.c4 dxc4 4.e3 e6 5.Bxc4 c5 6.O-O a6 7.Bb3 Nc6 8.Nc3 cxd4
9.exd4 Be7 10.Bg5 O-O 11.Qd2 Na5 12.Bc2 b5 13.Qf4 Bb7 14.Qh4 g6 15.d5 b4
16.d6 Qxd6 17.Ne4 Nxe4 18.Bxe7 Qc6 19.Bxe4 Qxe4 20.Qxe4 Bxe4 21.Bxb4 Nc6
22.Bxf8 Kxf8 23.Ng5 Bd5 24.Nxh7+ Ke7 25.Ng5 Nb4 26.a3 Nd3 27.b4 Rc8 28.Rfd1 Nf4
29.g3 Ne2+ 30.Kf1 Rc2 31.Rxd5 exd5 32.Re1 Kf6 33.Rxe2  1-0

[Event "Grand Prix Pyramides FFE KO"]
[Site "Le Port-Marly FRA"]
[Date "2012.01.08"]
[Round "1.1"]
[White "David,Alb"]
[Black "Bacrot,E"]
[Result "1-0"]
[WhiteElo "2598"]
[BlackElo "2704"]

1.d4 d5 2.c4 c6 3.Nc3 Nf6 4.e3 a6 5.Nf3 b5 6.c5 Nbd7 7.a3 g6 8.b4 a5 9.Bb2 Bg7
10.Be2 O-O 11.O-O Re8 12.Qb3 a4 13.Qa2 Qc7 14.Rac1 e5 15.dxe5 Nxe5 16.Nxe5 Rxe5
17.Qa1 Re6 18.h3 g5 19.Bd3 g4 20.Bf5 gxh3 21.Bxh3 Ng4 22.Bxg4 Rh6 23.f4 Bxc3
24.Bxc3 Bxg4 25.Bg7 Rg6 26.Be5 Qd7 27.e4 dxe4 28.f5 Bxf5 29.Rcd1 Qc8 30.Bf6 e3
31.Rd8+ Qxd8 32.Bxd8 Be4 33.Qd4 Bd5 34.g4 Rxd8 35.Re1 h5 36.Qxe3 Rxg4+ 37.Kh2 Rg2+
38.Kh3 Rg6 39.Qe7 Rf8 40.Re5 Be6+ 41.Kh2 h4 42.Rh5 h3 43.Qh4 Rg2+ 44.Kh1 Rg6
45.Rh8+ Kg7 46.Rh7+ Kg8 47.Rh8+ Kg7 48.Qh7+ Kf6 49.Rxf8 Rg2 50.Qh4+ Ke5 51.Rd8 Ra2
52.Qg3+ Kf6 53.Qh4+ Ke5 54.Qg5+ Ke4 55.Qh4+ Ke5 56.Qh5+ Ke4 57.Qh7+ Ke5 58.Qg7+ Kf5
59.Rd3 Rf2 60.Rxh3 Bd5+ 61.Kg1  1-0

[Event "Grand Prix Pyramides FFE KO"]
[Site "Le Port-Marly FRA"]
[Date "2012.01.08"]
[Round "1.3"]
[White "Bacrot,E"]
[Black "David,Alb"]
[Result "1-0"]
[WhiteElo "2704"]
[BlackElo "2598"]

1.d4 Nf6 2.c4 e6 3.Nf3 d5 4.Nc3 Bb4 5.Bg5 Nbd7 6.cxd5 exd5 7.Qc2 c5 8.g3 Qa5
9.Bg2 Ne4 10.Bd2 Nxd2 11.Nxd2 cxd4 12.Nxd5 O-O 13.a3 Bxd2+ 14.Qxd2 Qxd2+
15.Kxd2 Nc5 16.Rad1 Be6 17.b4 Na4 18.Ne7+ Kh8 19.Bxb7 Rae8 20.Bc6 Rxe7 21.Bxa4 Bc4
22.Rhe1 Rd8 23.Rc1 Bd5 24.Rc5 g6 25.Rec1 Kg7 26.Rc7 Rxc7 27.Rxc7 a6 28.Bc2 Rd6
29.h4 h6 30.Bd3 g5 31.hxg5 hxg5 32.Ra7 Rf6 33.Ke1 Rh6 34.Rxa6  1-0

[Event "Grand Prix Pyramides FFE KO"]
[Site "Le Port-Marly FRA"]
[Date "2012.01.08"]
[Round "1.4"]
[White "David,Alb"]
[Black "Bacrot,E"]
[Result "1/2-1/2"]
[WhiteElo "2598"]
[BlackElo "2704"]

1.d4 d5 2.c4 c6 3.Nc3 Nf6 4.e3 a6 5.Nf3 b5 6.c5 Nbd7 7.a3 a5 8.Be2 g6 9.b3 Bg7
10.Bb2 O-O 11.O-O Re8 12.Rc1 Qc7 13.b4 e5 14.dxe5 Nxe5 15.Nxe5 Rxe5 16.h3 Re8
17.Bf3 Nd7 18.Bxd5 cxd5 19.Nxb5 Qb8 20.Bxg7 Qxb5 21.Qd4 Bb7 22.Bh8 f6 23.Bxf6 Nxf6
24.Qxf6 axb4 25.axb4 Qc6 26.Qd4 Re4 27.Qd2 d4 28.b5 Qxb5 29.exd4 Qc6 30.f3 Re7
31.Rb1 Rae8 32.Qa2+ Qd5 33.Qxd5+ Bxd5 34.Rb6 Rd7 35.Rc1 Bf7 36.Rb4 Rc8 37.c6 Rdc7
38.Rb6 Bd5 39.Kf2 Rxc6 40.Rcxc6 Rxc6 41.Rb5 Bf7 42.h4 Kf8 43.Ke3 Ke7 44.g4 Re6+
45.Kf4 Rf6+ 46.Ke3 Re6+ 47.Kd3 Rf6 48.Rb7+ Ke8 49.Rb8+ Ke7 50.Ke4 Re6+ 51.Kf4 Rf6+
52.Kg3 Rd6 53.Rb4 Ke6 54.Kf4 h6 55.Ke4 Ke7 56.Rb7+ Kf6 57.g5+ hxg5 58.hxg5+ Ke6
59.d5+ Rxd5 60.Rxf7 Rxg5 61.Kd4  1/2-1/2

[Event "Grand Prix Pyramides FFE KO"]
[Site "Le Port-Marly FRA"]
[Date "2012.01.08"]
[Round "1.2"]
[White "Bacrot,E"]
[Black "David,Alb"]
[Result "1-0"]
[WhiteElo "2704"]
[BlackElo "2598"]

1.d4 Nf6 2.c4 e6 3.Nf3 b6 4.g3 Bb7 5.Bg2 Bb4+ 6.Bd2 c5 7.Bxb4 cxb4 8.Qd3 O-O
9.Nbd2 d6 10.O-O a5 11.e4 e5 12.Nh4 Nc6 13.d5 Nd4 14.f4 Nd7 15.Ndf3 Nc5 16.Qd1 Nxf3+
17.Qxf3 exf4 18.Nf5 Bc8 19.Nd4 Qf6 20.Rad1 Ba6 21.Qe2 Rae8 22.gxf4 Bc8 23.Qe3 Qh6
24.Rde1 f6 25.Kh1 Bd7 26.Qg3 Re7 27.Re3 Rfe8 28.Rfe1 Qg6 29.Qf3 Bg4 30.Qf1 Bd7
31.f5 Qf7 32.Ne6 Rc8 33.Rg3 Bxe6 34.fxe6 Qf8 35.Qf4 Rd8 36.Rf1 Kh8 37.Bh3 g6
38.Rgf3 Kg8  1-0

[Event "Grand Prix Pyramides FFE KO"]
[Site "Le Port-Marly FRA"]
[Date "2012.01.08"]
[Round "2.2"]
[White "Fier,A"]
[Black "Bacrot,E"]
[Result "1/2-1/2"]
[WhiteElo "2603"]
[BlackElo "2704"]

1.e4 g6 2.d4 Bg7 3.c4 d6 4.Nc3 Nf6 5.f4 O-O 6.Nf3 c5 7.d5 e6 8.Be2 exd5 9.cxd5 Re8
10.e5 Nfd7 11.O-O dxe5 12.d6 Nc6 13.Ng5 exf4 14.Nxf7 Bd4+ 15.Qxd4 cxd4 16.Nxd8 Rxd8
17.Nb5 g5 18.h4 h6 19.Nc7 Rb8 20.Bc4+ Kh7 21.Ne6 Nde5 22.Nxd8 Nxc4 23.Nxc6 bxc6
24.b3 Nxd6 25.g3 Ba6 26.Re1 Nf5 27.gxf4 g4 28.Re5 Kg6 29.Re6+ Kh5 30.Re5 Kg6
31.Bd2 Rh8 32.Rc1 Bb7 33.Rcc5 Nxh4 34.Rg5+ Kf6 35.Kf2 Nf3 36.Rgf5+ Kg6 37.Bb4 Bc8
38.Rf8 Rxf8 39.Rxc6+ Rf6 40.Rxc8 Kf5 41.Kg3 d3 42.Rd8 Ke4 43.Re8+ Kd4 44.Rd8+ Ke4
45.Re8+ Kf5 46.Rd8 Rb6 47.Bc5 Rc6 48.Bxa7 d2 49.Be3 Rc8 50.Rd7 Rc3 51.Kf2 Rc1
52.Bxd2 Rc2 53.Ke3 Nxd2 54.Rxd2  1/2-1/2

[Event "Grand Prix Pyramides FFE KO"]
[Site "Le Port-Marly FRA"]
[Date "2012.01.08"]
[Round "2.1"]
[White "Bacrot,E"]
[Black "Fier,A"]
[Result "0-1"]
[WhiteElo "2704"]
[BlackElo "2603"]

1.d4 Nf6 2.c4 e6 3.Nf3 d5 4.Nc3 c6 5.Bg5 dxc4 6.e4 b5 7.e5 h6 8.Bh4 g5 9.Nxg5 hxg5
10.Bxg5 Nbd7 11.g3 Bb7 12.Bg2 Qb6 13.exf6 c5 14.d5 O-O-O 15.O-O b4 16.Na4 Qb5
17.a3 Nb8 18.axb4 cxb4 19.Qg4 Bxd5 20.Bxd5 Rxd5 21.Bf4 Nc6 22.Rfc1 Rd4 23.Qe2 Qd5
24.Be3 Kb7 25.Rd1 Rd3 26.f4 Nd4 27.Bxd4 Qxd4+ 28.Kg2 Qd5+ 29.Kg1 Rxg3+ 30.hxg3 Rh1+
31.Kf2 Rh2+ 32.Ke3 Bc5+ 33.Nxc5+ Qxc5+ 34.Kf3 Qh5+  0-1

[Event "GP FFE 2nd stage"]
[Site "Nancy FRA"]
[Date "2012.04.28"]
[Round "5"]
[White "Bacrot,E"]
[Black "Tkachiev,V"]
[Result "1/2-1/2"]
[WhiteElo "2706"]
[BlackElo "2641"]

1.d4 d6 2.Nf3 g6 3.c4 Bg7 4.Nc3 Bg4 5.g3 Qc8 6.Bg2 Nf6 7.h3 Bd7 8.e4 O-O
9.e5 Ne8 10.Bg5 f6 11.Bf4 fxe5 12.dxe5 Nc6 13.Qe2 a5 14.O-O-O a4 15.Rhe1 a3
16.b3 Ra5 17.Rd5 Qa8 18.Qd2 Bf5 19.Rxa5 Qxa5 20.Nd5 Qxd2+ 21.Kxd2 e6 22.Nc3 h6
23.exd6 cxd6 24.Nb5 g5 25.Be3 Bb2 26.Nfd4 Nb4 27.g4 Bg6 28.Nxe6 Rf6 29.Bd5 Nxd5
30.cxd5 Bf7 31.Nbd4 Ng7 32.Nxg7 Kxg7 33.Nf5+ Kf8 34.h4 Bxd5 35.hxg5 hxg5
36.Bxg5 Re6 37.Bh6+ Kf7 38.Rxe6 Kxe6 39.Bg7 Bxg7 40.Nxg7+ Kf7 41.Nf5 Bxb3
42.Nxd6+ Kg6 43.Nb5 Bxa2 44.Ke3 Be6 45.Nxa3 Bxg4 46.Ke4  1/2-1/2

[Event "GP FFE 2nd stage KO"]
[Site "Nancy FRA"]
[Date "2012.04.29"]
[Round "1.2"]
[White "Feller,S"]
[Black "Bacrot,E"]
[Result "1/2-1/2"]
[WhiteElo "2644"]
[BlackElo "2706"]

1.e4 c5 2.Nf3 Nc6 3.d4 cxd4 4.Nxd4 e5 5.Nb5 d6 6.c4 Be7 7.N1c3 a6 8.Na3 Be6
9.Nc2 Rc8 10.Be2 Nf6 11.O-O Na5 12.b3 b5 13.Be3 bxc4 14.b4 Nb7 15.a4 O-O
16.a5 d5 17.Bb6 Qd6 18.exd5 Nxd5 19.Nxd5 Bxd5 20.Ne3 Be6 21.Bf3 Qb8 22.Nd5 Bg5
23.b5 e4 24.Bxe4 Nd6 25.Bxh7+ Kxh7 26.bxa6 c3 27.Qd3+ Bf5 28.Qg3 Ne4 29.Qxb8 Rxb8
30.a7 Rbc8 31.f4 Bf6 32.Rac1 Nd2 33.Rfe1 Nb3 34.Nxf6+ gxf6 35.a8=Q Rxa8 36.Rxc3 Nd2
37.Rc5 Kg6 38.Re3 Ne4 39.Rd5 Rfe8 40.h4 Bg4 41.Kh2 f5 42.Ra3 Nf6 43.Rd6 Re6
44.Rxe6 fxe6 45.a6 Be2 46.a7 Bc4 47.Bd4 Bd5 48.Ra6 Rh8 49.Kg3 Rc8 50.Be5 Nh5+
51.Kf2 Nf6 52.Bb8 Rc2+ 53.Ke3 Rxg2 54.Rxe6 Kf7 55.Rd6 Ra2 56.Kd4 Be4 57.Kc5 Ng4  1/2-1/2

[Event "GP FFE 2nd stage KO"]
[Site "Nancy FRA"]
[Date "2012.04.29"]
[Round "1.1"]
[White "Bacrot,E"]
[Black "Feller,S"]
[Result "1-0"]
[WhiteElo "2706"]
[BlackElo "2644"]

1.c4 c5 2.Nf3 Nc6 3.Nc3 g6 4.g3 Bg7 5.Bg2 d6 6.O-O e5 7.Ne1 Nge7 8.Nc2 O-O
9.Ne3 Be6 10.a3 Rb8 11.Rb1 a6 12.d3 b5 13.Ned5 bxc4 14.dxc4 Bf5 15.Nxe7+ Nxe7
16.Be4 Be6 17.Nd5 Nxd5 18.Bxd5 Bf5 19.e4 Bh3 20.Re1 a5 21.Bd2 Bd7 22.b4 axb4
23.axb4 cxb4 24.Bxb4 Qf6 25.Qd3 Rb6 26.Ba5 Rxb1 27.Rxb1 Rc8 28.Bb7 Re8 29.c5 Bf8
30.c6 Bh3 31.c7 d5 32.Rc1 dxe4 33.Qxe4 Bc8 34.Rd1 Bc5 35.Rd8 Kg7 36.Qc2  1-0

[Event "GP FFE 2nd stage KO"]
[Site "Nancy FRA"]
[Date "2012.04.29"]
[Round "2.2"]
[White "Vachier Lagrave,M"]
[Black "Bacrot,E"]
[Result "1-0"]
[WhiteElo "2682"]
[BlackElo "2706"]

1.e4 g6 2.d4 Bg7 3.Nf3 d6 4.Bc4 c6 5.O-O Nf6 6.e5 Nd5 7.Re1 O-O 8.exd6 Qxd6
9.Nbd2 Bf5 10.Ne4 Qb4 11.Bxd5 cxd5 12.c3 Qb6 13.Ng3 e6 14.Nxf5 gxf5 15.Ne5 Qd8
16.Qh5 Nc6 17.Nxc6 bxc6 18.Re3 Qf6 19.Rg3 Kh8 20.Bf4  1-0

[Event "Coupe de France 2012"]
[Site "Bois-Colombes FRA"]
[Date "2012.05.19"]
[Round "1"]
[White "Bacrot,E"]
[Black "Ludwig,Re"]
[Result "1-0"]
[WhiteElo "2695"]
[BlackElo "2238"]

1.d4 Nf6 2.c4 c5 3.d5 e6 4.Nc3 exd5 5.cxd5 d6 6.Nf3 g6 7.Bf4 a6 8.e4 Bg7
9.Qa4+ Bd7 10.Qb3 Bc8 11.a4 O-O 12.Be2 Nh5 13.Bg5 Bf6 14.Bh6 Bg7 15.Be3 Nd7
16.O-O Qe7 17.Rfe1 Rb8 18.h3 Ne5 19.Nxe5 Qxe5 20.Bxh5 gxh5 21.f4 Qe7 22.e5 Bf5
23.Rad1 Qh4 24.Ne2 dxe5 25.Bf2 Qf6 26.fxe5 Qxe5 27.Ng3 Qf6 28.Bxc5 Rfe8 29.Nxf5 Qxf5
30.Ba7 Ra8 31.Qxb7 Bf8 32.d6  1-0

[Event "Chess Classic ELO Open 2013"]
[Site "Baden-Baden GER"]
[Date "2013.02.07"]
[Round "1.1"]
[White "Vogel,Ja"]
[Black "Bacrot,E"]
[Result "0-1"]
[WhiteElo "2190"]
[BlackElo "2704"]

1.d4 Nf6 2.Nf3 e6 3.g3 b5 4.Bg2 d5 5.O-O Be7 6.b3 Ba6 7.Ne5 Nfd7 8.Nd3 c6
9.Bf4 O-O 10.Nd2 b4 11.e4 Qb6 12.Be3 Bxd3 13.cxd3 a5 14.Nf3 Na6 15.Bf4 Nc7
16.Bxc7 Qxc7 17.Qc2 Bf6 18.exd5 exd5 19.Rac1 Ra6 20.Rfe1 Rfa8 21.Ne5 Bxe5
22.dxe5 Nxe5 23.d4 Ng6 24.Bxd5 Rc8 25.Qe2 Rb6 26.Qf3 Qd7 27.Bc4 Rf8 28.Rcd1 Qh3
29.Re3 c5 30.dxc5 Rf6 31.Qe2 Qf5 32.Bd5 Qg5 33.Kh1 Rf5 34.f4 Qf6 35.Re8 Rxe8
36.Qxe8+ Nf8 37.Qe4 g5 38.c6 gxf4 39.g4 Re5 40.Qg2 Qe7 41.Bf3 Ne6 42.Qf2 Re3
43.g5 Qc5 44.h4 Qf5 45.Kg2 Rc3 46.Rd5 Qb1 47.Rd1 Qg6 48.Re1 Qd3 49.Rd1 Qg6
50.Re1 h6 51.Be4 Qh5 52.Bf3 Qg6 53.Be4 Qg7 54.Bd5 hxg5 55.Bxe6 gxh4+ 56.Kf1 fxe6
57.Rxe6 Qg4  0-1

[Event "Chess Classic ELO Open 2013"]
[Site "Baden-Baden GER"]
[Date "2013.02.08"]
[Round "2.1"]
[White "Bacrot,E"]
[Black "Weber,T"]
[Result "1/2-1/2"]
[WhiteElo "2704"]
[BlackElo "2380"]

1.Nf3 Nf6 2.c4 g6 3.Nc3 d5 4.cxd5 Nxd5 5.Qb3 Nb6 6.d4 Bg7 7.e4 Bg4 8.Bb5+ c6
9.Ng5 O-O 10.Be2 Bxe2 11.Nxe2 Qd7 12.Be3 Na6 13.O-O e5 14.dxe5 Bxe5 15.f4 Bf6
16.Nf3 Qe6 17.e5 Qxb3 18.axb3 Be7 19.f5 Nd5 20.Bh6 Rfe8 21.Nc3 Rad8 22.f6 Bc5+
23.Kh1 Nxc3 24.bxc3 Nc7 25.Rfd1 Ne6 26.b4 Bb6 27.g3 Rxd1+ 28.Rxd1 Rd8 29.Rxd8+ Bxd8
30.Kg2 a5 31.bxa5 Bxa5 32.Bd2 Kf8 33.Kf2  1/2-1/2

[Event "Chess Classic ELO Open 2013"]
[Site "Baden-Baden GER"]
[Date "2013.02.11"]
[Round "5.3"]
[White "Tereick,B"]
[Black "Bacrot,E"]
[Result "0-1"]
[WhiteElo "2382"]
[BlackElo "2704"]

1.Nf3 g6 2.e4 d6 3.d4 Nf6 4.Bd3 Bg7 5.O-O O-O 6.c3 Nbd7 7.Re1 e5 8.Nbd2 Re8
9.a4 a5 10.Nc4 b6 11.dxe5 dxe5 12.b4 Bb7 13.Qb3 Nh5 14.Ba3 Bc6 15.b5 Bb7
16.Ne3 Nf4 17.Bc4 Ne6 18.Bd5 Ndc5 19.Qc4 Bxd5 20.exd5 Nf4 21.Bxc5 bxc5 22.Nd2 f5
23.Nb3 Bf8 24.Nxc5 Bxc5 25.Qxc5 e4 26.Qd4 Qg5 27.Rad1 Nd3 28.Re2 f4 29.d6 fxe3
30.Rxe3 Nf4 31.Qc4+ Kf8 32.Rg3 Qh5 33.Re1 cxd6 34.f3 Rac8 35.Qd4 Qc5 36.fxe4 Ne6
37.Rf3+ Kg8  0-1

[Event "Chess Classic ELO Open 2013"]
[Site "Baden-Baden GER"]
[Date "2013.02.12"]
[Round "6.3"]
[White "Bacrot,E"]
[Black "Chatalbashev,B"]
[Result "1-0"]
[WhiteElo "2704"]
[BlackElo "2552"]

1.Nf3 d5 2.d4 Bf5 3.c4 e6 4.Nc3 Nf6 5.Nh4 Be4 6.f3 Bg6 7.Nxg6 hxg6 8.cxd5 exd5
9.e4 dxe4 10.fxe4 Bb4 11.Bb5+ c6 12.Bc4 O-O 13.O-O c5 14.Nd5 Nxd5 15.Bxd5 Nd7
16.a3 Ba5 17.dxc5 Bc7 18.b4 Be5 19.Ra2 Qc7 20.g3 a5 21.Qb3 Nf6 22.Kg2 axb4
23.axb4 Rxa2+ 24.Qxa2 Qd7 25.Be3 Re8 26.Qc4 Nxd5 27.exd5 Bxg3 28.c6 Qc7 29.hxg3 Rxe3
30.Qf4  1-0

[Event "Chess Classic ELO Open 2013"]
[Site "Baden-Baden GER"]
[Date "2013.02.13"]
[Round "7.2"]
[White "Iordachescu,V"]
[Black "Bacrot,E"]
[Result "1/2-1/2"]
[WhiteElo "2610"]
[BlackElo "2704"]

1.e4 e5 2.Nf3 Nc6 3.Bb5 Nf6 4.d4 exd4 5.O-O a6 6.Bxc6 dxc6 7.Nxd4 c5 8.Nb3 Qxd1
9.Rxd1 Be6 10.Nc3 Nd7 11.Nd5 Bd6 12.Nf4 Bxf4 13.Bxf4 O-O-O 14.Rd2 b6 15.Rad1 Nb8
16.Rxd8+  1/2-1/2

[Event "Chess Classic ELO Open 2013"]
[Site "Baden-Baden GER"]
[Date "2013.02.15"]
[Round "9.1"]
[White "Sanikidze,T"]
[Black "Bacrot,E"]
[Result "1/2-1/2"]
[WhiteElo "2553"]
[BlackElo "2704"]

1.d4 Nf6 2.c4 e6 3.Nf3 d5 4.Nc3 c5 5.e3 Nc6 6.a3 a6 7.dxc5 Bxc5 8.b4 Ba7
9.Bb2 O-O 10.Qc2 d4 11.exd4 Nxd4 12.Nxd4 Bxd4 13.Be2 e5 14.O-O Be6 15.Rad1 Qc7
16.c5 Rad8 17.Bf3 h6 18.Rfe1 Rfe8 19.Ne4 Nxe4 20.Bxe4 Bxb2 21.Qxb2 f5 22.Bc2 e4
23.Qc3 Bf7 24.Rxd8 Rxd8 25.f3 exf3 26.Qxf3 g6 27.Bb3 Bxb3 28.Qxb3+ Qf7 29.Re6 Kh7
30.Qe3 Rd7 31.Qe5 f4 32.Kf2 g5 33.Qe2 Kg7 34.Qe5+ Kh7 35.Ke1 g4 36.Qe4+ Kg7
37.Qe5+ Kh7 38.Qf6 Qxf6 39.Rxf6 g3 40.hxg3 fxg3 41.Ke2 h5 42.Ke3 a5 43.b5 Rd5
44.Rf7+ Kg6 45.Rc7 Rf5 46.b6 h4 47.Rc8 h3 48.Rg8+ Kf6 49.gxh3 Rxc5  1/2-1/2

[Event "17th Neckar Open"]
[Site "Deizisau GER"]
[Date "2013.03.29"]
[Round "2.2"]
[White "Bacrot,E"]
[Black "Sieglen,J"]
[Result "1-0"]
[WhiteElo "2705"]
[BlackElo "2258"]

1.g3 Nf6 2.c4 e6 3.Bg2 d5 4.Nf3 Be7 5.O-O O-O 6.d4 c6 7.Nc3 Nbd7 8.Nd2 e5
9.dxe5 Nxe5 10.cxd5 cxd5 11.Nb3 Bg4 12.h3 Be6 13.Nd4 Bd7 14.Bf4 Nc4 15.b3 Nd6
16.Qd3 Rc8 17.Rac1 Nde4 18.Nxd5 Nxd5 19.Bxe4 Nb4 20.Qb1 Bxh3 21.Rxc8 Bxc8
22.Rd1 Qa5 23.Bxh7+ Kh8 24.Qe4 Nd5 25.Bd2 Qd8 26.Qh1 Nf6 27.Bc2+ Kg8 28.Bg5  1-0

[Event "17th Neckar Open"]
[Site "Deizisau GER"]
[Date "2013.03.29"]
[Round "3.2"]
[White "Lindberg,Be"]
[Black "Bacrot,E"]
[Result "0-1"]
[WhiteElo "2422"]
[BlackElo "2705"]

1.e4 e5 2.Nf3 Nc6 3.Nc3 Nf6 4.Bb5 Bd6 5.O-O O-O 6.a3 Re8 7.Bc4 h6 8.d3 Bf8
9.h3 d6 10.Nh2 Be6 11.Ng4 Nxg4 12.hxg4 Nd4 13.g3 c6 14.Bxe6 Nxe6 15.Kg2 d5
16.f3 Qd7 17.Re1 f6 18.Bd2 b5 19.Qc1 d4 20.Nd1 c5 21.Nf2 c4 22.f4 a5 23.fxe5 fxe5
24.g5 hxg5 25.Qd1 Bc5 26.Qh5 Qf7 27.Qxf7+ Kxf7 28.Ng4 Bd6 29.Rf1+ Kg8 30.Rf5 cxd3
31.cxd3 Nc5 32.Rxg5 Re6 33.Rh1 Nxd3 34.Rgh5 Kf7 35.Rf1+ Ke7 36.Rh7 Rg6 37.Nh6 Nxb2
38.Nf5+ Kd7 39.Nxg7 Kc6 40.Rc1+ Nc4 41.a4 Ra7  0-1

[Event "17th Neckar Open"]
[Site "Deizisau GER"]
[Date "2013.03.30"]
[Round "4.2"]
[White "Bacrot,E"]
[Black "Farago,I"]
[Result "1-0"]
[WhiteElo "2705"]
[BlackElo "2472"]

1.d4 e6 2.c4 Bb4+ 3.Bd2 c5 4.Bxb4 cxb4 5.Nd2 Nf6 6.Ngf3 O-O 7.e3 d6 8.Bd3 b6
9.Qc2 Bb7 10.g4 Nxg4 11.Bxh7+ Kh8 12.Rg1 f5 13.d5 exd5 14.Bxf5 Nh6 15.Be6 Qf6
16.cxd5 Na6 17.Rg6 Qe7 18.Rg3 b3 19.axb3 Nb4 20.Qe4 a5 21.Ng5 g6 22.Qxg6 Rf6
23.Nf7+  1-0

[Event "10th Balagne Rapid KO"]
[Site "Calvi FRA"]
[Date "2013.04.14"]
[Round "1.2"]
[White "Bedini,L"]
[Black "Bacrot,E"]
[Result "0-1"]
[WhiteElo "1721"]
[BlackElo "2705"]

1.e4 c5 2.Nf3 Nc6 3.d4 cxd4 4.Nxd4 e5 5.Nb5 d6 6.c4 Be7 7.N1c3 a6 8.Na3 Be6
9.Nd5 Nf6 10.Bd3 O-O 11.O-O Rc8 12.Be3 Nd7 13.f4 exf4 14.Bxf4 Nce5 15.Bc2 Bg5
16.Bb3 Bxf4 17.Nxf4 Qb6+ 18.Kh1 Nc5 19.Nd5 Bxd5 20.exd5 Ne4 21.Qe2 f5 22.Rad1 Rf6
23.g3 Ng4 24.Nc2 Rh6 25.Rf3 Re8 26.Qg2 Nef2+ 27.Kg1 Nxd1+ 28.Kf1  0-1

[Event "10th Balagne Rapid KO"]
[Site "Calvi FRA"]
[Date "2013.04.14"]
[Round "2.2"]
[White "Massoni,M"]
[Black "Bacrot,E"]
[Result "0-1"]
[WhiteElo "2385"]
[BlackElo "2705"]

1.e4 e5 2.Nf3 Nc6 3.Bb5 Nf6 4.d3 Bc5 5.O-O Nd4 6.Nxd4 Bxd4 7.c3 Bb6 8.Bg5 h6
9.Bh4 c6 10.Ba4 d6 11.Nd2 g5 12.Bg3 h5 13.h4 Bg4 14.Qe1 Nd7 15.Nc4 gxh4 16.Nxd6+ Kf8
17.Bh2 h3 18.Bb3 Qf6 19.Nf5 hxg2 20.Kxg2 Rg8 21.Bg3 Bxf5  0-1

[Event "10th Balagne Rapid KO"]
[Site "Calvi FRA"]
[Date "2013.04.14"]
[Round "2.1"]
[White "Bacrot,E"]
[Black "Massoni,M"]
[Result "1-0"]
[WhiteElo "2705"]
[BlackElo "2385"]

1.Nf3 Nf6 2.c4 g6 3.Nc3 d5 4.cxd5 Nxd5 5.Qb3 Nb6 6.d4 Bg7 7.Bf4 O-O 8.e3 Nc6
9.Rd1 Bg4 10.Be2 Qc8 11.O-O a5 12.h3 a4 13.Qc2 Bxf3 14.Bxf3 e5 15.Bxc6 exf4
16.Bxa4 fxe3 17.Bb3 exf2+ 18.Rxf2 c5 19.dxc5 Qxc5 20.Ne4 Qxc2 21.Rxc2 Rfc8
22.Rxc8+ Rxc8 23.Nd6 Rc7 24.Nxf7 Bxb2 25.Ng5+ Nc4 26.Rd8+  1-0

[Event "10th Balagne Rapid KO"]
[Site "Calvi FRA"]
[Date "2013.04.14"]
[Round "3.2"]
[White "Rapport,R"]
[Black "Bacrot,E"]
[Result "1/2-1/2"]
[WhiteElo "2654"]
[BlackElo "2705"]

1.b3 e5 2.Bb2 Nc6 3.e3 Nf6 4.Bb5 Bd6 5.Na3 Be7 6.Nc4 e4 7.Bxc6 bxc6 8.Ne2 O-O
9.O-O a5 10.f3 d5 11.Ne5 Qe8 12.fxe4 Nxe4 13.Nd3 Bg4 14.h3 Bxe2 15.Qxe2 f5
16.Rf3 Bd6 17.Nf4 g5 18.Nd3 Qh5 19.Re1 Qh6 20.Be5 Rae8 21.Bxd6 Qxd6 22.Nf2 f4
23.exf4 gxf4 24.Nxe4 dxe4 25.Qc4+ Qd5 26.Rc3 Re6 27.d3 e3 28.Qxd5 cxd5 29.d4 Re4
30.Rd3 Rf6 31.Kf1 Rc6 32.c3 Rg6 33.c4 dxc4 34.bxc4 Rb6 35.Ke2 Re7 36.Kf3 Rb2
37.Re2 Rb4 38.Kxf4 Rxc4 39.Rexe3 Rf7+ 40.Kg3 Ra4 41.a3 Rd7 42.Re5 Raxd4 43.Rxd4 Rxd4
44.Rxa5 c5 45.Kf3 c4 46.Ke2 Rd3 47.a4 Rg3 48.Kf2 Ra3 49.Ke2 Rg3 50.Kf2 Ra3
51.Ke2 Rg3 52.Rc5 Rxg2+ 53.Kd1 Rh2 54.Rh5 Ra2 55.a5 c3 56.Kc1 c2 57.h4 Kg7
58.Rc5 Kg6  1/2-1/2

[Event "10th Balagne Rapid KO"]
[Site "Calvi FRA"]
[Date "2013.04.14"]
[Round "3.1"]
[White "Bacrot,E"]
[Black "Rapport,R"]
[Result "1-0"]
[WhiteElo "2705"]
[BlackElo "2654"]

1.d4 g6 2.e4 Nf6 3.e5 Nh5 4.Nf3 d6 5.Be2 Nc6 6.exd6 exd6 7.O-O Bg7 8.Bg5 Bf6
9.Bh6 Ng7 10.d5 Nf5 11.Bc1 Ne5 12.Nbd2 Nd7 13.Ne4 Bg7 14.Bg5 Ne7 15.Bb5 O-O
16.Bxd7 Bxd7 17.Nf6+ Bxf6 18.Bxf6 Bg4 19.Re1 Re8 20.Qd2 Bxf3 21.gxf3 c6 22.Qh6 Nf5
23.Bxd8 Rxe1+ 24.Rxe1 Nxh6 25.Re8+ Kg7 26.Bf6+ Kxf6 27.Rxa8  1-0

[Event "10th Balagne Rapid KO"]
[Site "Calvi FRA"]
[Date "2013.04.14"]
[Round "4.3"]
[White "Bacrot,E"]
[Black "Fressinet,L"]
[Result "0-1"]
[WhiteElo "2705"]
[BlackElo "2706"]

1.d4 e6 2.Nf3 Nf6 3.g3 b5 4.Bg2 Bb7 5.O-O Be7 6.a4 b4 7.c4 bxc3 8.bxc3 O-O
9.c4 d5 10.Qb3 Ba6 11.cxd5 Nxd5 12.Re1 Nc6 13.Ba3 Rb8 14.Qc2 Ndb4 15.Qd2 Bf6
16.Rd1 e5 17.Nxe5 Nxd4 18.Bxb4 Rxb4 19.Nd3 Nxe2+ 20.Qxe2 Bxa1 21.Na3 Rd4
22.Nb5 Bxb5 23.axb5 Re8 24.Qc2 Rd6 25.Bf1 Bd4 26.Rc1 Bb6 27.Qc4 Qf6 28.Rc2 g6
29.Nf4 Rd4 30.Qb3 Rxf4 31.gxf4 Qxf4 32.Qg3 Qf6 33.Kg2 Re5 34.h4 Re4 35.Kh3 Qf5+
36.Kh2 Rg4 37.Bh3 Qxc2 38.Qxg4 Qxf2+ 39.Bg2 h5 40.Qe4 Qd4 41.Qe8+ Kg7 42.Bf3 Qxh4+
43.Kg2 Qf2+  0-1

[Event "10th Balagne Rapid KO"]
[Site "Calvi FRA"]
[Date "2013.04.14"]
[Round "4.2"]
[White "Bacrot,E"]
[Black "Fressinet,L"]
[Result "0-1"]
[WhiteElo "2705"]
[BlackElo "2706"]

1.d4 e6 2.c4 Bb4+ 3.Bd2 a5 4.Nf3 d6 5.Nc3 Nf6 6.e3 Nbd7 7.Bd3 e5 8.Qc2 O-O
9.O-O Re8 10.Ne4 Nxe4 11.Bxe4 Nf6 12.dxe5 dxe5 13.Rad1 Qe7 14.a3 Bd6 15.Bc3 Nxe4
16.Qxe4 f6 17.Nd2 f5 18.Qc2 b6 19.f4 exf4 20.exf4 Qf7 21.Kh1 Bb7 22.Nf3 Be4
23.Qf2 Bxf4 24.Qh4 Bd6 25.Ng5 Qg6 26.Nxe4 Rxe4 27.Qf2 Rf8 28.Qf3 Qe6 29.h3 Qxc4
30.Rfe1 Qe6 31.Rf1 h6 32.Qh5 Kh7 33.Rd3 Qg6 34.Qf3 Rf4 35.Qd1 Rxf1+ 36.Qxf1 Re8
37.Qf3 Qg5 38.Rd1 Re3 39.Qf2 Re4 40.Qf3 Qf4 41.Qxf4 Rxf4 42.Kg1 g5 43.Rd3 Kg6
44.Rd1 Kf7 45.Rd3 Re4 46.Kf2 h5 47.Rd1 g4 48.hxg4 fxg4 49.Rd5 Kg6 50.Bd2 Re5
51.Rd3 Rf5+ 52.Ke2 Re5+ 53.Kf2 Rf5+ 54.Ke2 h4 55.Bc3 Rh5 56.Kf1 h3 57.gxh3 gxh3
58.Kg1 h2+ 59.Kh1 Rg5 60.Rd1 Kf7 61.Bd4 Ke6 62.Re1+ Kd5 63.Rd1 Kc6 64.a4 Rd5
65.Rc1+ Kd7 66.Be3 Rd3 67.Re1 Rb3 68.Bd4 Rb4 69.Be5 Rxa4 70.Kxh2 Rg4 71.Kh3  0-1

[Event "10th Balagne Rapid KO"]
[Site "Calvi FRA"]
[Date "2013.04.14"]
[Round "4.4"]
[White "Fressinet,L"]
[Black "Bacrot,E"]
[Result "0-1"]
[WhiteElo "2706"]
[BlackElo "2705"]

1.e4 Nc6 2.Nf3 d5 3.exd5 Qxd5 4.Nc3 Qa5 5.Be2 Nf6 6.O-O Bg4 7.b4 Nxb4 8.Rb1 O-O-O
9.d3 e6 10.Bd2 Bd6 11.Ng5 Qe5 12.g3 Rhf8 13.Nxf7 Rxf7  0-1

[Event "10th Balagne Rapid KO"]
[Site "Calvi FRA"]
[Date "2013.04.14"]
[Round "4.5"]
[White "Bacrot,E"]
[Black "Fressinet,L"]
[Result "1-0"]
[WhiteElo "2705"]
[BlackElo "2706"]

1.Nf3 d5 2.d4 Nf6 3.c4 c6 4.Nc3 dxc4 5.a4 Bf5 6.Ne5 Nbd7 7.Nxc4 Qc7 8.g3 e5
9.dxe5 Nxe5 10.Bf4 Nfd7 11.Bg2 g5 12.Ne3 gxf4 13.Nxf5 O-O-O 14.Qc2 Nc5 15.O-O fxg3
16.hxg3 a5 17.Rad1 Kb8 18.e3 h5 19.Ne2 Ne6 20.Nf4 Bb4 21.Nxe6 fxe6 22.Nh4  1-0

[Event "10th Balagne Rapid KO"]
[Site "Calvi FRA"]
[Date "2013.04.14"]
[Round "4.1"]
[White "Fressinet,L"]
[Black "Bacrot,E"]
[Result "0-1"]
[WhiteElo "2706"]
[BlackElo "2705"]

1.d4 d5 2.Nf3 Nf6 3.c4 e6 4.Bg5 Be7 5.Nc3 h6 6.Bxf6 Bxf6 7.e3 O-O 8.Rc1 c6
9.Bd3 Nd7 10.O-O dxc4 11.Bxc4 e5 12.Ne4 exd4 13.Nxd4 Be5 14.f4 Bxd4 15.Qxd4 Nb6
16.Nd6 Nxc4 17.Rxc4 Be6 18.Rc3 Qb6 19.f5 Qxd4 20.exd4 Bd5 21.b3 b6 22.Nc4 Rfe8
23.Ne3 Be4 24.Rd1 Rad8 25.Kf2 Rd6 26.g4 Red8 27.d5 cxd5 28.Rd4 g6 29.Rc7 a5
30.a3 Kg7 31.Kg3 R8d7 32.Rxd7 Rxd7 33.fxg6 fxg6 34.Nc4 Kf6 35.Nxb6 Rb7 36.Na4 Rxb3+
37.Kf2 Ke5 38.Rd2 Rf3+ 39.Ke2 Rxa3 40.Nb6 a4  0-1